书目信息 |
| 题名: |
维修电工
|
|
| 作者: | ;职业技能鉴定教材编审委员会 , 职业技能鉴定指导编审委员会 编 | |
| 分册: | ||
| 出版信息: | 北京 中国劳动出版社 1998 |
|
| 页数: | 246页 | |
| 开本: | 26cm | |
| 丛书名: | 职业技能鉴定指导 | |
| 单 册: | ||
| 中图分类: | TM07 | |
| 科图分类: | ||
| 主题词: | 电工--维修--技术教育--教学参考资料 | |
| 电子资源: | ||
| ISBN: | 7-5045-2153-1 | |
| 000 | 01020nam2 2200265 45 | |
| 001 | 1151456125 | |
| 005 | 20110111091156.50 | |
| 010 | @a7-5045-2153-1@dCNY20.50 | |
| 100 | @a19990408e20101998em y0chiy0121 ea | |
| 101 | 0 | @achi |
| 102 | @aCN@b110000 | |
| 105 | @ay zq 000yy | |
| 106 | @ar | |
| 200 | 1 | @a维修电工@Awei xiu dian gong@e初级、中级、高级@f《职业技能鉴定教材》、《职业技能鉴定指导》编审委员会编 |
| 210 | @a北京@c中国劳动出版社@d1998@h2010重印 | |
| 215 | @a246页@d26cm | |
| 225 | 2 | @a职业技能鉴定指导 |
| 330 | @a本书主要内容介绍了初级维修电工知识要求部分练习题,初级维修电工知识要求部分练习题参考答案等。 | |
| 410 | 0 | @120010@a职业技能鉴定指导 |
| 606 | 0 | @a电工@x维修@x技术教育@x教学参考资料 |
| 690 | @aTM07@v4 | |
| 711 | 02 | @a职业技能鉴定教材编审委员会@Azhi ye ji neng jian ding jiao cai bian shen wei yuan hui@4编 |
| 711 | 02 | @a职业技能鉴定指导编审委员会@Azhi ye ji neng jian ding zhi dao bian shen wei yuan hui@4编 |
| 801 | 0 | @aCN@bSYL@c20110111 |
| 905 | @b205967854-890@h596785-89@dTM07@e12@f5 | |
| 维修电工:初级、中级、高级/《职业技能鉴定教材》、《职业技能鉴定指导》编审委员会编.-北京:中国劳动出版社,1998(2010重印) |
| 246页;26cm.-(职业技能鉴定指导) |
| ISBN 7-5045-2153-1:CNY20.50 |
| 本书主要内容介绍了初级维修电工知识要求部分练习题,初级维修电工知识要求部分练习题参考答案等。 |
| ● |
| 相关链接 |
|
|
|
|
正题名:维修电工
索取号:TM07/12
 
预约/预借
| 序号 | 登录号 | 条形码 | 馆藏地/架位号 | 状态 | 备注 |
| 1 | 596785 | 205967854 | 第二样本阅览室/ [索取号:TM07/12] | 在馆 | |
| 2 | 596786 | 205967863 | 第三借阅区/ [索取号:TM07/12] | 在馆 | |
| 3 | 596787 | 205967872 | 第三借阅区/ [索取号:TM07/12] | 在馆 | |
| 4 | 596788 | 205967881 | 第三借阅区/ [索取号:TM07/12] | 在馆 | |
| 5 | 596789 | 205967890 | 第三借阅区/ [索取号:TM07/12] | 在馆 |